Countries By Space Travel - Statistics

General Stats
  • This quiz has been taken 63 times
  • The average score is 33 of 41
Answer Stats
Astronaut Region Country % Correct
Yuri Gagarin Europe USSR | Russia
100%
William Shatner N. America United States
98%
Marc Garneau N. America Canada
96%
Mirosław Hermaszewski Eastern Europe Poland
94%
Rakesh Sharma South Asia India
92%
Helen Sharman Western Europe United Kingdom
92%
Yang Liwei East Asia China
90%
Sigmund Jähn Europe East Germany
90%
Jean-Loup Chrétien Western Europe France
90%
Toyohiro Akiyama East Asia Japan
90%
Ulf Merbold Europe West Germany
90%
Pedro Duque Southwestern Europe Spain
88%
Vladimír Remek Eastern Europe Czechoslovakia
86%
Rodolfo Neri Vela N. America Mexico
86%
Franz Viehböck Central Europe Austria
84%
Franco Malerba Southern Europe Italy
84%
Sultan al-Saud Western Asia Saudi Arabia
84%
Mark Shuttleworth Africa South Africa
84%
Yi So-yeon East Asia South Korea
84%
Ivan Bella Central Europe Slovakia
82%
Christer Fuglesang Northern Europe Sweden
82%
Wubbo Ockels Western Europe Netherlands
80%
Dumitru Prunariu Southeastern Europe Romania
80%
Leonid Kadenyuk Eastern Europe Ukraine
80%
Chris Boshuizen Oceania Australia
78%
Dirk Frimout Western Europe Belgium
78%
Anousheh Ansari Western Asia Iran
78%
Phạm Tuân Southeast Asia Vietnam
78%
Marcos Pontes South America Brazil
76%
Georgi Ivanov Southeast Europe Bulgaria
76%
Claude Nicollier West Central Europe Switzerland
73%
Arnaldo Tamayo Méndez Caribbean Cuba
71%
Andreas Mogensen Northern Europe Denmark
71%
Bertalan Farkas Central Europe Hungary
71%
Ilan Ramon Western Asia Israel
69%
Hazza Al Mansouri Western Asia United Arab Emirates
67%
Aidyn Aimbetov Central Asia Kazakhstan
65%
Sheikh Muszaphar Shukor Southeast Asia Malaysia
59%
Abdul Ahad Mohmand Central Asia Afghanistan
55%
Jügderdemidiin Gürragchaa East Asia Mongolia
49%
Muhammed Faris Western Asia Syria
45%
No matching quizzes found
Score Distribution
Percent of People with Each Score
Percentile by Number Answered
Your Score History
You have not taken this quiz